1488 1411 1794 1891 1999 1195 1017 1261 1279 1557 1246 1668 1394 1498 1348 1797 1952 1488 1549 1415 1568 1402 1100 1814 1958 1209 1397 1530 1631 1780 1317 1814 1784 1014 1681 1881 1040 1835 1947 1521 1019 1106 1608 1209 1664 1216 1565 1249 1332 1682 1694 1262 1846 1875 1747 1695 1124 1182 1438 1971 1380 1082 1218 1294 1596 1564 1538 1023 1925 1174 1292 1436 1672 1149 1009 1211 1307 1335 1626 1076 1605 1511 1468 1526 1431 1063 1570 1139 1118 1351 1409 1518 1856 1242 1482 1703 1960 1229 1748 BCNSPRNW ULIB Ver.6.0+V

เปลี่ยนเป็นภาษาไทย

Change to English
 แสดงรายละเอียดบรรณานุกรม
  กลับหน้าหลัก

Brief Record : Get Marc (ISO 2709) : E-mail record : QR code < ปิดหน้าต่าง
LEADER : 00000nam 2200000uu 4500
001    13399127448
003     ULIB
008    200525s2020||||th 000 0 tha d
020    ^a9780323551281 (pbk.)
060 04 ^aQV748^bO34c
100 1  ^aOgden, Sheila J.,
245 10 ^aCalculation of drug dosages :^ba work text /^cSheila J.Ogden, Linda K. Fluharty
250    ^a11th ed.
260    ^aSt. Louis, Mo. :^bMosby/Elsevier,^c2020
300    ^axx, 615 p. :^bill. (some col.) ;^c28 cm.
504    ^aIncludes bibliographical references and index
650  0 ^aPharmaceutical arithmetic^xProgrammed instruction
650  0 ^aDrugs^xDosage^xProgrammed instruction
650  2 ^aPharmaceutical Preparations^xadministration & dosage^vProblems and Exercises
650  2 ^aDrug Dosage Calculations^vProblems and Exercises
700 1  ^aFluharty, Linda K.
945    ^p0^l0^i28329
999    ^aกัณชพร จุลอักษร
รายการนี้ยังไม่มีแท็ก
คุณยังไม่ได้ล็อกอิน คุณสามารถมีกิจกรรมร่วมกับเว็บไซต์ได้ แต่ต้องล็อกอินก่อน ::
  ล็อกอิน

รายการสื่อสารสนเทศ

ลำดับที่ ประเภท เลขเรียก/บาร์โค้ด สถานที่ สถานะ
1. หนังสือสำรอง
หนังสือสำรอง
QV748 O34c ฉ.1 
  Barcode: 28329
ห้องสมุดวิทยาเขตนครสวรรค์
►หนังสือทั่วไป:l:General Books
บนชั้น

รายการใกล้เคียง
    ผู้แต่ง [Ogden, Sheila J.,]

BibComment


ยังไม่เคยถูกคอมเมนท์

คอมเมนท์ทรัพยากรรายการนี้
  คอมเมนท์: Calculation of d..


 Copyright 2026. Bcnsprnw @Library